Основы проектирования горных машин и оборудования: учебное пособие

التفاصيل البيبلوغرافية
المؤلف الرئيسي: Кривенко А. Е. Александр Евгеньевич
الملخص:Приведены основные понятия процесса проектирования, закономерности развития техники. Рассмотрены стадии проектирования, порядок организации и выполнения проектных работ в горном машиностроении, методы активизации творческой деятельности и направления учета человеческого фактора. Описаны избранные методы проектирования и приемы конструирования, используемые в технике. Показаны возможности компьютерных технологий на примере твердотельного моделирования и параметрического проектирования. Для студентов горных вузов, обучающихся по специальности «Горные машины и оборудование» направления подготовки «Технологические машины и оборудование».
اللغة:الروسية
منشور في: Москва, Изд-во МГГУ, 2007
سلاسل:Высшее горное образование
الموضوعات:
التنسيق: كتاب
KOHA link:https://koha.lib.tpu.ru/cgi-bin/koha/opac-detail.pl?biblionumber=140979

MARC

LEADER 00000nam0a2200000 4500
001 140979
005 20231101220903.0
010 |a 5741804284 
035 |a (RuTPU)RU\TPU\book\152755 
035 |a RU\TPU\book\117046 
090 |a 140979 
100 |a 20070119d2007 m y0rusy50 ca 
101 0 |a rus 
102 |a RU 
105 |a a j 001zy 
200 1 |a Основы проектирования горных машин и оборудования  |e учебное пособие  |f А. Е. Кривенко 
210 |a Москва  |c Изд-во МГГУ  |d 2007 
215 |a 105 с.  |c ил. 
225 1 |a Высшее горное образование 
320 |a Библиогр.: с. 103. 
330 |a Приведены основные понятия процесса проектирования, закономерности развития техники. Рассмотрены стадии проектирования, порядок организации и выполнения проектных работ в горном машиностроении, методы активизации творческой деятельности и направления учета человеческого фактора. Описаны избранные методы проектирования и приемы конструирования, используемые в технике. Показаны возможности компьютерных технологий на примере твердотельного моделирования и параметрического проектирования. Для студентов горных вузов, обучающихся по специальности «Горные машины и оборудование» направления подготовки «Технологические машины и оборудование». 
451 1 |0 (RuTPU)RU\TPU\book\117046  |y 5-7418-0428-4  |t Основы проектирования горных машин и оборудования  |o учебное пособие  |f А. Е. Кривенко  |c М.  |n Изд-во МГГУ  |d 2006  |p 105 с.  |s Высшее горное образование  |a Кривенко, Александр Евгеньевич 
606 1 |a Горные машины  |x Проектирование  |2 stltpush  |3 (RuTPU)RU\TPU\subj\7863  |9 35387 
610 1 |a горное оборудование 
610 1 |a нормирование 
610 1 |a конструирование 
610 1 |a унификация 
610 1 |a компьютеры 
610 1 |a проектные работы 
610 1 |a компьютерные технологии 
610 1 |a учебные пособия 
675 |a 622.002.5(075.8)  |v 3 
700 1 |a Кривенко  |b А. Е.  |g Александр Евгеньевич 
801 1 |a RU  |b 63413507  |c 20070119  |g PSBO 
801 2 |a RU  |b 63413507  |c 20210608  |g PSBO 
900 |a Основы проектирования горных машин и оборудования 
942 |c BK 
951 |b 150402  |b 150400 
959 |a 1/20070112  |d 1  |e 120,00  |f ЧЗТЛ:1 
959 |a 69/20071008  |d 1  |e 120,00  |f ЧЗТЛ:1